000 00427nam a2200145 i 4500
001 85039
003 ES-MaACL
005 20230906175153.0
007 t|
008 041125s1922 ec ||||1| spa d
100 1 _aJijón y Caamaño, J.
_966390
245 1 0 _aQuito y la independencia de América /
_cJ. Jijón y Caamaño.
260 _aQuito :
_b[s.n.,
_c1922] (
_fImp. de la Universidad Central)
852 _aES-MaACL
_j1634-F-15
999 _c85039
_d85039